000 01601nam a2200241Ia 4500
001 16053
003 GE_BSU
008 181216s||||||||xx |||||||||||||| ||und||
040 _cGE_BSU
080 _a821.353.1-1
100 _aჯინჯიხაძე, ჯემალ
245 _aტკივილი
245 _bლექსები
245 _cრედ. ოთარ მიქიაშვილი
260 _aთბილისი
260 _bეგრისი
260 _c1996
300 _a272 გვ.21 სმ.
300 _eშენიშვნები: გვ. 255-258
653 _aვხედავ მაგ სახის სატანურ ხაზებს; ***გაშალა ნათელმა წინამო; ცას შევხაროდი; კრთოდა სოფელი; ფერთა ტალღაში; ***ვიცი ბრძოლით; მზეში შევალ!; მოვალ, ცაო!; ***ბედნიერი ვარ; მიჭირავს პეშვით; ხილვა [და სხვ.]
653 _aმოდის სიბერე; იქმნა ნათელი; თეთრი ქრიზანთემები; ***წვიმს; განთიადის დედოფალი; ***ცათა ჰაერთა; ცეცხლის გრძნეული სახმილით მკლავდა; იმედები გზაშია; ***წარსულთა გრძნების; ქარი ქაფარი;
942 _cBK
999 _c49143
_d49143